UM Logo

A tale of two cities / (Record no. 15993)

MARC details
000 -LEADER
fixed length control field 00626nam a22001817a 4500
008 - FIXED-LENGTH DATA ELEMENTS--GENERAL INFORMATION
fixed length control field 210204b ||||| |||| 00| 0 eng d
020 ## - INTERNATIONAL STANDARD BOOK NUMBER
International Standard Book Number 978-1-84837-317-4
082 ## - DEWEY DECIMAL CLASSIFICATION NUMBER
Edition number 2016
Classification number DC 823.8
Item number D554
100 ## - MAIN ENTRY--PERSONAL NAME
Personal name Dickens, Charles
9 (RLIN) 17873
245 ## - TITLE STATEMENT
Title A tale of two cities /
Statement of responsibility, etc. Charles Dickens
260 ## - PUBLICATION, DISTRIBUTION, ETC. (IMPRINT)
Place of publication, distribution, etc. London :
Name of publisher, distributor, etc. Arcturus Holdings, Limited,
Date of publication, distribution, etc. ©2016.
300 ## - PHYSICAL DESCRIPTION
Extent 364 pages :
Other physical details illustrations ;
Dimensions 21 cm.
650 ## - SUBJECT ADDED ENTRY--TOPICAL TERM
Topical term or geographic name as entry element French -- England -- London -- Fiction
9 (RLIN) 42890
650 ## - SUBJECT ADDED ENTRY--TOPICAL TERM
Topical term or geographic name as entry element Executions and executioners -- Fiction.
9 (RLIN) 42891
650 ## - SUBJECT ADDED ENTRY--TOPICAL TERM
Topical term or geographic name as entry element Fathers and daughters -- Fiction.
9 (RLIN) 42892
365 ## - TRADE PRICE
Price amount 160.00
Currency code Php
942 ## - ADDED ENTRY ELEMENTS (KOHA)
Source of classification or shelving scheme Dewey Decimal Classification
Koha item type Circulation
Holdings
Withdrawn status Lost status Source of classification or shelving scheme Damaged status Not for loan Collection code Home library Current library Date acquired Source of acquisition Cost, normal purchase price Total Checkouts Full call number Barcode Date last seen Copy number Price effective from Koha item type
    Dewey Decimal Classification     Circulation UM Digos College - LIC UM Digos College - LIC 11/22/2019 Purchased 160.00   DC 823.8 D554 2016 25968 05/15/2025 1 02/04/2021 Circulation